| Tag |
First Indicator |
Second Indicator |
Subfields |
| LEADER |
00000cam a2200000 4500 |
| 001 |
in00000051828 |
| 005 |
20151007074032.0 |
| 008 |
800611s1944 fr a 00010 fre |
| 010 |
|
|
|a 45014561
|
| 035 |
|
|
|a (OCoLC)06406983
|
| 035 |
|
|
|9 AAF0822AM
|
| 040 |
|
|
|a DLC
|c TXA
|d UtOrBLW
|
| 049 |
|
|
|a TXAM
|c [202293]
|
| 050 |
|
0 |
|a TK4661
|b .J6
|
| 082 |
0 |
|
|a 621.396
|
| 092 |
|
|
|a 621.396
|b J86c
|
| 100 |
1 |
|
|a Jouguet, Marc.
|
| 245 |
1 |
0 |
|a Courants de Foucault et fours a induction /
|c par Marc Jouguet ...
|
| 264 |
|
1 |
|a Paris :
|b Gauthier-Villars,
|c 1944.
|
| 300 |
|
|
|a vi, 163 pages, 1 unnumbered page :
|b diagrams ;
|c 25 cm.
|
| 336 |
|
|
|a text
|b txt
|2 rdacontent
|
| 337 |
|
|
|a unmediated
|b n
|2 rdamedia
|
| 338 |
|
|
|a volume
|b nc
|2 rdacarrier
|
| 650 |
|
0 |
|a Electric furnaces.
|
| 650 |
|
0 |
|a Induction heating.
|
| 650 |
|
0 |
|a Eddy currents (Electric)
|
| 999 |
|
|
|a MARS
|
| 999 |
f |
f |
|s bf928f95-065a-3b5b-bce3-123d652dab4f
|i 3da93b1f-90e2-3df5-b107-51297127d6c5
|t 0
|
| 952 |
f |
f |
|p ric
|a Texas A&M University
|b Rellis Campus
|c Joint Library Facility
|d Remote Storage
|t 0
|e TK4661 .J6
|h Library of Congress classification
|i unmediated -- volume
|m A14801040181
|
| 998 |
f |
f |
|a TK4661 .J6
|t 0
|l Remote Storage
|